Energy transition in India (Record no. 526181)

000 -LEADER
fixed length control field 01804nam a22001577a 4500
008 - FIXED-LENGTH DATA ELEMENTS--GENERAL INFORMATION
fixed length control field 240515b ||||| |||| 00| 0 eng d
100 ## - MAIN ENTRY--PERSONAL NAME
Personal name Bhalla, Bhupinder Singh
245 ## - TITLE STATEMENT
Title Energy transition in India
260 ## - PUBLICATION, DISTRIBUTION, ETC. (IMPRINT)
Place of publication, distribution, etc Yojana
300 ## - PHYSICAL DESCRIPTION
Extent 67(11), Nov, 2023: p.53-56
520 ## - SUMMARY, ETC.
Summary, etc India’s shift from conventional to renewable electricity generation represents a defining moment in its pursuit of sustainability. The nation’s commitment to cleaner energy sources is evident in its ambitious renewable energy targets, backed by progressive policies and incentives. The government’s unwavering approach has set the foundation for a greener energy landscape, fostering investment and technological advancements in the sector.
This transition is crucial not only for reducing dependence on fossil fuels but also for mitigating environmental concerns. The emphasis on solar, wind, and hydroelectric power has accelerated India’s energy transformation, aligning with global sustainability goals. Moreover, the adoption of innovative policies has encouraged participation from both private and public sectors, ensuring long-term benefits for economic and environmental growth.
However, challenges such as infrastructure development, efficient energy storage, and grid integration must be addressed to maintain momentum. Continued policy refinement and technological investment will be critical in overcoming these hurdles and solidifying India’s position as a leader in renewable energy. – Reproduced
650 ## - SUBJECT ADDED ENTRY--TOPICAL TERM
Topical term or geographic name as entry element India, Renewable Energy, Transition, Sustainability, Sustainable Development, Government, Policies, Incentives, Solar, Wind, Hydroelectric, Investment, Technology, Infrastructure, Grid, Innovation
9 (RLIN) 52366
773 ## - HOST ITEM ENTRY
Main entry heading Yojana
906 ## - LOCAL DATA ELEMENT F, LDF (RLIN)
Subject DIP ENERGY
942 ## - ADDED ENTRY ELEMENTS (KOHA)
Item type Articles
Holdings
Withdrawn status Lost status Source of classification or shelving scheme Damaged status Not for loan Permanent location Current location Date acquired Serial Enumeration / chronology Barcode Date last seen Koha item type
          Indian Institute of Public Administration Indian Institute of Public Administration 2024-05-15 67(11), Nov, 2023: p.53-56 AR131929 2024-05-15 Articles

Powered by Koha